000 00697nam a2200217Ia 4500
003 GCL
008 140319s9999 xx 000 0 ara d
040 _aGCL /
_cGCL
082 0 4 _a810.9
_bغ و
100 1 _aسعد مصلوح
245 1 0 _aالوعى والفن ( عالم المعرفة 146 ) /
_cسعد مصلوح
700 1 _aنوفل ليتوف
700 1 _aغاتشف، غيورغى
260 _aالكويت :
_bالمجلس الوطنى للثقافة والفنون والاداب ،
_c1990
300 _a288 ص ؛
_c20 سم
490 _aعالم المعرفة
_v146
650 0 4 _aالفلسفة
650 0 4 _aالفن
650 0 4 _aتاريخ ونقد
942 _2ddc
_cBK
999 _c36391
_d36391